ARRUPE JESUIT UNIVERSITY

CORONAVIRUS -STOP THE SPREAD - CLEAN,DISINFECT,COVER

Philosophy and non-philosophy since Merleau-Ponty / (Record no. 123791)

MARC details
000 -LEADER
fixed length control field 01521pam a2200301 a 4500
001 - CONTROL NUMBER
control field 533874
005 - DATE AND TIME OF LATEST TRANSACTION
control field 20151112145544.0
008 - FIXED-LENGTH DATA ELEMENTS--GENERAL INFORMATION
fixed length control field 870909s1988 nyu b 001 0 eng
010 ## - LIBRARY OF CONGRESS CONTROL NUMBER
LC control number 87027008
020 ## - INTERNATIONAL STANDARD BOOK NUMBER
International Standard Book Number 041500179X (pbk.)
020 ## - INTERNATIONAL STANDARD BOOK NUMBER
International Standard Book Number 0415001781 (hard)
040 ## - CATALOGING SOURCE
Original cataloging agency DLC
Transcribing agency DLC
Modifying agency DLC
050 00 - LIBRARY OF CONGRESS CALL NUMBER
Classification number B804
Item number .P535 1988
082 00 - DEWEY DECIMAL CLASSIFICATION NUMBER
Classification number 190/.9/04
Edition number 19
100 ## - MAIN ENTRY--PERSONAL NAME
Personal name Silverman, Hugh J.
Relator term ed.
9 (RLIN) 19606
245 00 - TITLE STATEMENT
Title Philosophy and non-philosophy since Merleau-Ponty /
Statement of responsibility, etc edited by Hugh J. Silverman.
260 ## - PUBLICATION, DISTRIBUTION, ETC. (IMPRINT)
Place of publication, distribution, etc New York :
Name of publisher, distributor, etc Routledge,
Date of publication, distribution, etc 1988.
300 ## - PHYSICAL DESCRIPTION
Extent vii, 372 p. ;
Dimensions 22 cm.
440 #0 - SERIES STATEMENT/ADDED ENTRY--TITLE
Title Continental philosophy ;
Volume number/sequential designation 1
9 (RLIN) 21100
500 ## - GENERAL NOTE
General note Includes index.
504 ## - BIBLIOGRAPHY, ETC. NOTE
Bibliography, etc Bibliography: p. 344-368.
505 0# - FORMATTED CONTENTS NOTE
Formatted contents note Philosophy and non-philosophy since Hegel / Maurice Merleau-Ponty -- Echoes / John Sallis -- Sartre's last philosophical manifesto / Peter Caws -- Lacan and non-philosophy / William J. Richardson -- Foucault and the transgression of limits / Tony O'Connor -- Deleuze on a deserted island / Alphonso Lingis -- The adventures of the narrative / Stephen H. Watson -- The origin and end of philosophy / John Llewelyn -- Philosophy as the heteronomous center of modern discourse / John McCumber -- Levinas / Robert Bernasconi -- The deaths of Roland Barthes / Jacques Derrida.
650 #0 - SUBJECT ADDED ENTRY--TOPICAL TERM
Topical term or geographic name as entry element Philosophy, Modern
Chronological subdivision 20th century.
9 (RLIN) 21101
650 #0 - SUBJECT ADDED ENTRY--TOPICAL TERM
Topical term or geographic name as entry element Philosophy, European
9 (RLIN) 19665
700 1# - ADDED ENTRY--PERSONAL NAME
Personal name Silverman, Hugh J.
9 (RLIN) 19606
906 ## - LOCAL DATA ELEMENT F, LDF (RLIN)
a 7
b cbc
c orignew
d 1
e ocip
f 19
g y-gencatlg
942 ## - ADDED ENTRY ELEMENTS (KOHA)
Source of classification or shelving scheme Library of Congress Classification
Item type Monograph ( Printed materials)
Holdings
Withdrawn status Lost status Source of classification or shelving scheme Damaged status Not for loan Collection code Home library Current library Shelving location Date acquired Total Checkouts Full call number Barcode Date last seen Price effective from Koha item type
    Library of Congress Classification     Main Collection ARRUPE LIBRARY ARRUPE LIBRARY Main Collection 12/11/2015   B804 .P535 1988 46500005599 12/11/2015 12/11/2015 Monograph ( Printed materials)

 

Arrupe Library. PO Box MP320 Mt Pleasant, Harare, Zimbabwe
263 242 745411|librarian@aju.ac.zw